LEADER 00883nam a2200229 i 4500 001 000000190682 003 CaOOAMICUS 005 20100628000000.0 008 100628s1975 be u000 u fre u 013 $a169113 040 $aSeMil$bita 100 1 $aPayen, Jean Charles.$0(OLS)http://semarc/name/69710 245 13$aLe Roman. A-7. B.2 /$cPar J. Ch. Payen ; F. N. M. Diekstra et collaborateurs. 260 $aTurnhout :$bBrepols,$c1975. 300 $a159 + 6 p. ;$c24 cm. 500 $aIn coda al vol. : Mise à jour du fascicule n. 12. 700 1 $aDiekstra, F. N. M.$0(OLS)http://semarc/name/69713 850 $aSeMil 852 $aSeMil$W1$xVenegono$y1$m2U II 112$j141299$B141299$CSeMilBibl$Z2$F152872 $81 961 $aOmaggio: Altro 996 $6245$aLe Roman. A-7. B.2$9(OLS)http://semarc/title/274734 996 $6260$aTurnhout :$bBrepols$9(OLS)http://semarc/publisher/29626 LEADER 01188nam a2200301 i 4500 001 000000083467 003 CaOOAMICUS 005 20190412130052.0 008 180830s1932 xx u000 u und u 013 $a55707 040 $aSeMil$bita 100 0 $aPius XI,$c.$0(OLS)http://semarc/name/3465 245 10$aDiscorsi agli universitari /$cPio 11. 260 $aRoma :$bStudium,$c1932. 300 $a91 p., [1] carta di tav. :$britr. ;$c18 cm 490 0 $aQuaderni universitari ;$v10 600 04$aPio XI .$0(OLS)http://semarc/subject/2399 650 4$aPio XI - Scritti e discorsi.$0(OLS)http://semarc/subject/5072 830 0$aQuaderni universitari ;$v10.$0(OLS)http://semarc/title/6865 850 $aSeMil 852 $aSeMil$W1$xVenegono$y1$m2A I 394$j212031$B48038$CSeMilBibl$Z2$F51066 $81 900 1 $aRatti, Achille,$d<1857-1939>. 900 0 $aPio XI$c. 996 $6245$aDiscorsi agli universitari$9(OLS)http://semarc/title/130502 996 $6260$aRoma :$bStudium$9(OLS)http://semarc/publisher/29617